| 000 | 00907cam a22003011 4500 | ||
|---|---|---|---|
| 999 |
_c9321 _d9321 |
||
| 001 | 9321 | ||
| 003 | BD-JhCC | ||
| 005 | 20180312195347.0 | ||
| 008 | 710406s1967 enk b 000 0 eng | ||
| 035 | _a(BD-JhCC)9321 | ||
| 040 |
_aDLC _cDLC _dDLC _dBD-JhCC |
||
| 041 | _aeng | ||
| 050 | 0 | 0 |
_aPR3562 _b.R54 1967 |
| 082 | 0 | 0 |
_a821/.4 _bRIC 1967 |
| 100 | 1 |
_aRicks, Christopher, _d1933- |
|
| 245 | 1 | 0 | _aMilton's grand style. |
| 260 |
_aLondon, _bOxford U.P., _c1967. |
||
| 300 |
_avi, 154 p. _c21 cm. |
||
| 490 | 0 | _aOxford paperbacks, no. 127 | |
| 504 | _aBibliographical footnotes. | ||
| 600 | 1 | 0 |
_aMilton, John, _d1608-1674 _xLiterary style. |
| 600 | 1 | 0 |
_aMilton, John, _d1608-1674. _tParadise lost. |
| 650 | 0 |
_aEnglish language _yEarly modern, 1500-1700 _xStyle. |
|
| 650 | 0 |
_aEpic poetry, English _xHistory and criticism. |
|
| 650 | 0 | _aFall of man in literature. | |
| 942 |
_2ddc _cBK |
||